01398agaaa2200277 45000010005000000030009000050050017000140070009000310080040000400400023000800410013001031000040001161300031001562450196001872500022003832600115004053000034005205080173005545200132007275380009008595460013008686500068008817000060009497000060010097000051010690897IT-RoPAU20220918181229.0d cvaizq50131s9999||||xx ||| | || ||und|| aIT-RoPAUcIT-RoPAU aITALIANO aGibba gCodice regista SPICS: 38753 aRACCONTO DELLA JUNGLA (IL) aRACCONTO DELLA JUNGLA (IL)cSceneggiatura: Driver Frankie Chimenz Albert Victors Anthony Thornton Alan -- Diretto da: Gibba pRACCONTO DELLA JUNGLA (IL) (Rif. Codice opera principale : V0897) aEdizione Standard a(ITALIA)bCORONA CINEMATOGRAFICA / Distribuzione: SPF FIRENZEg"1974 (1° ed.: 1993 ; Ed. Lingua Orig.: 1974)" a16MMbsonoro, col.c80 minuti a"Fotografia: Strong H. Beards A.; Montaggio: Cavalieri Luciano; Musica: De Masi Francesco; Sceneggiatura: Driver Frankie Chimenz Albert Victors Anthony Thornton Alan; " aIL FILM SI ISPIRA SENZA PARTICOLARE ESTRO O TROVATA ALLE AVVENTURE DI ROBINSON CRUSOE. FILM A COLORI. PELLICOLA IN BUONO STATO. aMONO aITALIANO aANIMAZIONEePELLICOLE CINEMA [16MM]xCodice MATERIA SPICS: 9955 aDe Masi Francescoe(musica)gCodice Musica SPICS: 10862 aDefoe Daniel e(soggetto)gCodice Soggetto SPICS: 38754 aGibba e(regista)gCodice regista SPICS: 38753